Statistiques concernant Devinez le joueur de foot

Cliquez ici pour prendre le quiz!

Statistiques générales

  • Ce quiz a été pris 248 fois
  • Le résultat moyen est 16 sur 25

Statistiques - réponses

CarrièrePostePied fortJoueur% Correct
Lyon > Real Madrid > Al-IttihadAttaquantDroitKarim Benzema
95%
Schalke > BayernGoalDroitManuel Neuer
86%
Santos > Barcelone > PSG > Al-HilalAttaquantDroitNeymar
86%
AS Cannes > Bordeaux > Juventus > Real Madrid > Fin de carrièreAttaquantAmbidextreZinédine Zidane
85%
Lens > Real Madrid > Manchester UnitedDéfenseurDroitRaphaël Varane
83%
Barcelone > Fin de carrièreDéfenseurDroitCarles Puyol
81%
Real Madrid > Porto > Fin de carrièreGoalGaucheIker Casillas
80%
Everton > Manchester United > Everton > D.C. United > Derby > Fin de carrièreAttaquantDroitWayne Rooney
77%
Troyes > Saint-Étienne > PSG > Juventus > Inter Miami > Fin de carrièreMilieuGaucheBlaise Matuidi
76%
Dinamo Zagreb > Inter Zapresic > Dinamo Zagreb > Tottenham > Real MadridMilieuDroitLuka Modric
75%
Strasbourg > Lorient > PSG > Séville > Atlético Madrid > Valence > StrasbourgAttaquantDroitKevin Gameiro
73%
PSG > Toulouse > PSG > JuventusMilieuGaucheAdrien Rabiot
72%
Bâle > Vaduz > Bâle > Grasshoppers > Bâle > Bor. M'gladbach > Bayern Munich > Inter MilanGoalDroitYann Sommer
71%
Sheffield United > Tottenham > Queens Park Rangers > Tottenham > Aston Villa > Tottenham > Manchester CityDéfenseurDroitKyle Walker
69%
Leverkusen > Chelsea > ArsenalMilieuGaucheKai Havertz
65%
Corinthians > AS Roma > Corinthians > PSGDéfenseurDroitMarquinhos
62%
Ajax > Real Madrid >Inter Milan > Galatasaray > Nice > Al-Gharafa > Fin de carrièreMilieuAmbidextreWesley Sneijder
60%
ASEC Mimosas (Côte d'Ivoire) > KSK Beveren > Metalurg Donetsk > Olympiakós > Monaco > Barcelone > Manchester City > Olympiakós > QD Huanghai > Fin de carrièreMilieuDroitYaya Touré
58%
Bordeaux > Bilbao > Bayern > Marseille > Bayern > Fin de carrièreDéfenseurDroitBixente Lizarazu
50%
K'lautern > Werder Bremen > Bayern > Lazio > Fin de carrièreAttaquantDroitMiroslav Klose
49%
Heerenveen > FC Twente > Ajax > Chelsea > GalatasarayAttaquantGaucheHakim Ziyech
44%
Rot Weiss Ahlen > Bor. M'gladbach > DortmundMilieuDroitMarco Reus
41%
Flamengo > Inter > Chievo Verona > Inter > Queens Park Rangers > Toronto > Queens Park Rangers > Benfica > Flamengo > Fin de carrièreGoalGaucheJulio Cesar
36%
Cagliari > AS Roma > Cagliari > AS Roma > Inter > Cagliari > Inter > Cagliari > Inter > Royal Antwerp > SPAL > Bhayangkara FCMilieuDroitRadja Nainggolan
34%
Charlton > Everton > RB Leipzig > Everton > RB Leipzig > Fulham > RB Leipzig > Leicester > RB Leipzig > AtalantaAttaquantDroitAdemola Lookman
24%

Distribution des résultats

Percentile par nombre de réponses

% des personnes avec chaque résultat

Votre développement - résultats

Vous n’avez pas pris ce quiz